Čínska honba za energiou

Etablovanie výrobných prevádzok amerických a západoeurópskych firiem v Číne. Čína na prahu 21. stor. - priemyselná dielňa sveta. Intenzívna spotreba zdrojov energie. Koncepcia novej energetickej politiky do r. 2020 s názvom Stratégia veľkého skoku na poli energetiky. Ropa a zemný plyn - najdôležite...

Ausführliche Beschreibung

Gespeichert in:
Bibliographische Detailangaben
1. Verfasser: Pressburg, Adrian Peter
Format: Buchkapitel
Sprache:Slowakisch
Schlagworte:
Tags: Tag hinzufügen
Keine Tags, Fügen Sie das erste Tag hinzu!

MARC

LEADER 00000naa$a2200000$$$4500
001 0023405
005 20230926070644.2
041 0 |a slo 
044 |a SK 
245 1 0 |a Čínska honba za energiou  |c Adrian Peter Pressburg 
520 |a Etablovanie výrobných prevádzok amerických a západoeurópskych firiem v Číne. Čína na prahu 21. stor. - priemyselná dielňa sveta. Intenzívna spotreba zdrojov energie. Koncepcia novej energetickej politiky do r. 2020 s názvom Stratégia veľkého skoku na poli energetiky. Ropa a zemný plyn - najdôležitejšie energetické zdroje Číny. 
610 2 0 |a zdroje energetické 
610 2 0 |a ropa 
610 2 0 |a plyn zemný 
610 2 0 |a energia atómová 
610 2 0 |a investície zahraničné 
610 2 0 |a spolupráca medzinárodná 
610 2 0 |a Čína 
100 1 |a Pressburg, Adrian Peter